| 000 | 00558cam a22002171 4500 | ||
|---|---|---|---|
| 001 | 7800581 | ||
| 005 | 20180215032439.0 | ||
| 008 | 761008s1927 moua 001 0 eng | ||
| 010 | _a 27004301 | ||
| 035 | _a(OCoLC)2488736 | ||
| 040 |
_aDLC _cOTMC _dViRCU _dOCoLC _dInU-D _dDLC |
||
| 041 | _aeng | ||
| 042 | _apremarc | ||
| 080 | _a615 | ||
| 082 | _2615 WIN | ||
| 100 | 1 | _a6 | |
| 101 | _aKIR | ||
| 245 | 1 | 2 | _aA textbook of exodontia; |
| 906 |
_a7 _bcbc _coclcrpl _du _encip _f19 _gy-gencatlg |
||
| 942 |
_2ddc _cBK |
||
| 999 |
_c42560 _d42560 |
||